000
00285nam a2200109Ia 4500
008
230907s9999||||xx |||||||||||||| ||und||
082
_a
720.1
_b
MOO
100
_a
Moore, Steven A.,
_9
115988
245
0
_a
Questioning architectural judgment :
300
_a
xiii, 280 pages :
942
_c
BK
999
_c
600663
_d
600663